| 000 | 00472nab a22001457 4500 | ||
|---|---|---|---|
| 003 | ES-SlBCS | ||
| 005 | 20210327224213.0 | ||
| 008 | 171121s2017 sp ||||| |||| 00| 0 spa d | ||
| 040 |
_aES-SlBCS _bspa |
||
| 041 | _aspa | ||
| 100 | 1 |
_aSèbe, Jean-Baptiste _9100714 |
|
| 245 | 1 | 3 |
_aEl escritor y Cristo: "La Palabra es el Verbo, y el Verbo es Dios" _cJean-Baptiste Sebé |
| 773 | 0 |
_gNúm. 373, 2017, págs. 99-110 _tSèbe, Jean-Baptiste _wRev134 _x0210-1041 |
|
| 942 |
_2lcc _cAR |
||
| 999 |
_c474320 _d474320 |
||